logo

Bir Sreshtho Munshi Abdur Rouf Library
Jhenaidah Cadet College

Life of Pi : (Record no. 4867)

MARC details
000 -LEADER
fixed length control field 00618nam a2200241 a 4500
001 - CONTROL NUMBER
JCCL Control Number 4867
003 - CONTROL NUMBER IDENTIFIER
JCCL marc code BD-JhCC
005 - DATE AND TIME OF LATEST TRANSACTION
control field 20221025134021.0
008 - FIXED-LENGTH DATA ELEMENTS--GENERAL INFORMATION
fixed length control field 031201s20032001stk 000 1 eng d
020 ## - INTERNATIONAL STANDARD BOOK NUMBER
International Standard Book Number 184195392x
020 ## - INTERNATIONAL STANDARD BOOK NUMBER
International Standard Book Number 9781841953922
035 ## - SYSTEM CONTROL NUMBER
system control number (BD-JhCC)4867
040 ## - CATALOGING SOURCE
Original cataloging agency ED/N-1
Modifying agency BD-JhCC
041 ## - LANGUAGE CODE
Language code of Book eng
082 ## - DEWEY DECIMAL CLASSIFICATION NUMBER
Classification number 813.54
Author mark and Year MAR 2001
100 1# - MAIN ENTRY--PERSONAL NAME
Personal name Martel, Yann.
245 10 - TITLE STATEMENT
Title Life of Pi :
Remainder of title a novel /
Statement of responsibility, etc Yann Martel
260 ## - PUBLICATION, DISTRIBUTION, ETC. (IMPRINT)
Place of publication, distribution, etc Edinburgh :
Name of publisher, distributor, etc Canongate,
Date of publication, distribution, etc 2003, c2001
300 ## - PHYSICAL DESCRIPTION
Pagination xiv, 319 p. ;
Dimensions 20 cm
500 ## - GENERAL NOTE
General note Previously published: 2002
650 ## - SUBJECT ADDED ENTRY--TOPICAL TERM
Topical term or geographic name as entry element Animal fiction
942 ## - ADDED ENTRY ELEMENTS (KOHA)
Source of classification or shelving scheme Dewey Decimal Classification
Koha item type Books
Koha issues (borrowed), all copies 8
Holdings
Source of classification or shelving scheme Damaged status Not for loan Home library Current library Shelving location Date of accession Source of acquisition Cost, normal purchase price Total Checkouts Full call number Barcode Date last seen Date checked out Copy number Koha item type
Dewey Decimal Classification     JCC Rouf Library JCC Rouf Library General Stacks 12/04/2017 Stowe School Library 9.00 11 813.54 MAR 2001 6892 09/24/2024 08/29/2024 C-1 Books

JCC Library | Contacts | JCC Home

Last Update on 23 September 2017
Copyright @ 2017-2020 JCC Rouf Library
Rouf Library, Jhenidah Cadet College (JCC), Bangladesh